=LDR 00000nam 2200000 4500 =001 INLIS000000000023213 =005 20130612121906 =008 ***********************************Ind** =035 ##$$0010-061300000023213 =041 ##$$a Ind =082 ##$$a 745.5 =090 ##$$a 745.5, War-m =100 ##$$a Wardana, Enen =245 ##$$a Membuat aneka kerajinan dari kain perca, Enen Wardana =260 ##$$a 2000 $b Jakarta =300 ##$$a vi, 62 hlm., ilus, 23,5 cm =650 ##$$a Kerajinan Tangan =850 ##$$a NBPNMAT